Advanced engineering mathematics / (Record no. 88667)

MARC details
000 -LEADER
fixed length control field 00711nam a22002297a 4500
005 - DATE AND TIME OF LATEST TRANSACTION
control field 20150227152237.0
010 ## - LCCN (DPL NO)
LC control number BAC-EN21 ENG-111854
020 ## - INTERNATIONAL STANDARD BOOK NUMBER
International Standard Book Number 9788126531356
Terms of availability 609.00
035 ## - SYSTEM CONTROL NUMBER
System control number EN-95386
037 ## - SOURCE OF ACQUISITION
Source of stock number/acquisition Asian Book Centre/Ven
Stock number dpl
037 ## - SOURCE OF ACQUISITION
Source of stock number/acquisition DBAD/PUB
082 ## - DEWEY DECIMAL CLASSIFICATION NUMBER
Classification number 621.00151
100 ## - MAIN ENTRY--PERSONAL NAME
Personal name Kreyszig, Erwin
245 ## - TITLE STATEMENT
Title Advanced engineering mathematics /
Statement of responsibility, etc by Erwin Kreyszig
250 ## - EDITION STATEMENT
Edition statement 9th ed
260 ## - PUBLICATION, DISTRIBUTION, ETC. (IMPRINT)
Place of publication, distribution, etc New Delhi
Name of publisher, distributor, etc John Wiley
Date of publication, distribution, etc (201?)
270 ## - ADDRESS
Address 4435/7, Ansari Road, Darya Ganj
City New Delhi
Postal code 110002
300 ## - PHYSICAL DESCRIPTION
Extent xvii,1094p.:
Dimensions 24cm(pbk)
Other physical details ill.
500 ## - GENERAL NOTE
General note Includes index
942 ## - ADDED ENTRY ELEMENTS (KOHA)
Source of classification or shelving scheme Dewey Decimal Classification
Item type English Books
Classification part 621.00151
Call number suffix KRE
Holdings
Withdrawn status Lost status Not for loan Collection code Home library Current library Date acquired Source of acquisition Cost, normal purchase price Full call number Barcode Copy number Cost, replacement price Koha item type
    Not For Loan Non-fiction D.B.Act.Division D.B.Act.Division 23/01/2015 DBAD/PUB 609.00 621.00151KRE EN-95386 1 609.00 English Books

© Delhi Public Library
Hit Counter
free hit counter